000 00604nab a2200205 a 4500
001 23568
003 77425
005 20201118100334.0
008 ||||||n9999 ||| || ||
041 _aspa
245 0 _aFondo Nacional de Ahorro: alternativa con seguridad social en mercado de cesantias, 2
260 _aBogotá :
_bNueva Frontera,
300 _app. 14-18
562 _e0
650 _aCONSTRUCCION DE VIVIENDAS--FINANCIAMIENTO--PEREIRA (COLOMBIA)
650 _aDERECHO A LA SEGURIDAD SOCIAL
650 _aURBANIZACIÓN
773 _023565
_aNueva Frontera - No.969
942 _cSART
999 _c23568
_d23568